00801nam a2200229Ia 4500003000900000008004100009020001800050040001600068080001500084100002100099245013100120250001700251260003900268300001300307650001900320650003400339700002200373700002200395942000700417999001700424952013000441IN-BaIIA211028s9999 xx 000 0 eng d a0-486-63281-4 cIIA Library a519.4bMAG aMagnus, W926089 0aCombinatorial group theorybpresentations of groups in terms of generators and relationscW. Magnus, A. Karrass and D. Solitar a2nd rev. ed. aNew YorkbDover Publicationsc1976 ax, 444p. aCalculus91611 aNielsen Transformation926090 aKarrass, A926091 aSolitar, D926092 cBK c14635d14635 00104070aBANbBANcGENd2002-05-16eSBS g660.00l0o519.4/ MAGp15557r2021-11-05v660.00w2002-05-16yBKGRs. 660.00